| 000 | 00523nam a2200157Ia 4500 | ||
|---|---|---|---|
| 999 |
_c20371 _d20371 |
||
| 082 | _aRS.0587 | ||
| 100 | _aSwami, R.K. | ||
| 245 | 0 | _aSocio-economic survey of the Jangam community in Sangli District | |
| 260 |
_c2001 _bIndian Council of Social Science Research, New Delhi |
||
| 300 | _a271p. | ||
| 504 | _aBibliography at the end. | ||
| 650 | _aJANGAMS - SOCIO-ECONOMIC STATUS | ||
| 650 | _aCOMMUNITY DEVELOPMENT - SANGLI DISTRICT | ||
| 710 | _aL.E.Society's G.A.College of Commerce, Sangli (M.S.) | ||
| 942 |
_cRP _2ddc |
||